000 00801cab a2200241 4500
001 WB2946-35
008 090401t1993 xxu||||| |||| 00| 0 eng d
035 _a(Sirsi) u87543
041 _aeng
245 _aBankruptcy after death
260 _c1993
350 _a0
490 _aEstates Gazette
_v(9348) 4 December 1993, 128(1)
520 _aConsiders the position of the death of a debtor before bankruptcy procedures can be initiated under the Insolvency Act 1986. "Gavin Hilary Palmer Estate Trustee v Palmer" 1993.
650 _aBANKRUPTCY AFTER DEATH
650 _aGAVIN HILARY PALMER ESTATE TRUSTEE V PALMER
650 _aINSOLVENCY ACT 1986
650 _aJOINT TENANCY
650 _aMATRIMONIAL HOME
690 _aPROPERTY LAW AND PRACTICE
942 _n0
948 _c04/03/1997
999 _c55229
_d55229